000 00822nam a2200229 i 4500
001 146369
003 ES-MaACL
005 20250814015824.0
007 t|
008 070907s1960 sp ||||1| spa d
080 _a58
245 0 0 _aTratado de botánica /
_credactado inicialmente por E. Strasburger... [et al.] ; refundido por los doctores Richard Harder, Franz Firbas y Walter Schumacher.
250 _a5ª ed. /
_btrad. de la 27ª ed. alemana por el Dr. Oriol de Bolós.
260 _aBarcelona :
_bManuel Marín,
_c[1960]
300 _aXV, 651 p., 1 h. de mapa col. pleg. :
_bil. ;
_c25 cm.
650 7 _aBotánica
_2embne
_910610
700 1 _aStrasburger, E.
_9108375
700 1 _aHarder, Richard.
_961812
700 1 _aBolòs, Oriol de.
_930002
852 4 _aES-MaACL
_jB-4661
999 _c146369
_d146369